Christian Pulisic Trivia - Statistics

General Stats
  • This quiz has been taken 97 times
  • The average score is 10 of 15
Answer Stats
Hint Answer % Correct
Current Club Chelsea
96%
Age he made his national team debut 17
91%
Year he was born 1998
90%
Previous Club Borussia Dortmund
85%
Number on his jersey 10
80%
Which NBA player was he compared to as "the (player name) of soccer." LeBron James
71%
State he was born in Pennsylvania
71%
Nickname Captain America
65%
Team he scored against in the 2021 Champions League semifinals Real Madrid
56%
Country other than the United States he has citizenship in Croatia
55%
Middle name Mate
50%
Manager he plays under for his club team Thomas Tuchel
45%
Pulisic has 21 international goals for the United States. Who played from 2000-2014 and has the most international goals for an American, with 57 (tied with Clint Dempsey. Landon Donovan
43%
The United States lost 2-1 against this country to get eliminated from 2018 World Cup Qualifying Trinidad and Tobago
35%
Transfer fee that set a record for an American player (in millions of dollars 73
29%
No matching quizzes found
Score Distribution
Percent of People with Each Score
Percentile by Number Answered
Your Score History
You have not taken this quiz